|
|
|
|
| LEADER |
00000cam a2200000 4500 |
| 001 |
vtls011761335 |
| 003 |
SK-MaSNL |
| 005 |
20260301045730.0 |
| 008 |
200316s2017 xr oal frn 011 0 cze |
| 015 |
|
|
|a SNBZSA2018/09
|
| 020 |
|
|
|a 9788087419724
|q (viazané)
|
| 035 |
|
|
|a urn:nbn:sk:snk-am00dhsu
|
| 035 |
|
|
|a urn:nbn:sk:snk-am3i2qe
|
| 035 |
|
|
|a D75D1EE8-AA7F-45CB-84F9-784E08D52435
|
| 040 |
|
|
|a SNK
|b slo
|c SNK
|e rda
|
| 041 |
1 |
|
|a cze
|h ger
|
| 044 |
|
|
|a xr
|c CZ
|
| 072 |
|
7 |
|a 615.8
|x Fyzioterapia. Psychoterapia. Alternatívna medicína
|2 konspekt
|
| 080 |
|
|
|a 611.8
|2 2011
|
| 080 |
|
|
|a 616-08:615.827
|2 2011
|
| 080 |
|
|
|a (035)
|2 2011
|
| 080 |
|
|
|a 615.828
|2 2011
|
| 080 |
|
|
|a 615.827
|2 2011
|
| 080 |
|
|
|a (075)
|2 2011
|
| 100 |
1 |
|
|a Dierlmeier, Daniel
|4 aut
|9 354233
|
| 240 |
1 |
0 |
|a Nervensystem in Osteopathie
|l Česky
|
| 245 |
1 |
0 |
|a Nervový systém v osteopatii
|b periferní nervy, mozkomíšní pleny, vegetativní systém
|c Daniel Dierlmeier ; překlad Mária Schwingerová
|
| 264 |
|
1 |
|a Olomouc
|b Poznání
|c 2018
|
| 300 |
|
|
|a 315 strán
|b diagramy, fotografie, ilustrácie, schémy
|c 25 cm
|
| 336 |
|
|
|a text
|b txt
|2 rdacontent
|
| 336 |
|
|
|a statický obraz
|b sti
|2 rdacontent
|
| 337 |
|
|
|a bez média
|b n
|2 rdamedia
|
| 338 |
|
|
|a text
|b nc
|2 rdacarrier
|
| 504 |
|
|
|a Bibliografia na strane 310 ; register
|
| 650 |
0 |
7 |
|a nervový systém
|2 SNKPH
|9 67250
|
| 650 |
0 |
7 |
|a osteopatia
|2 SNKPH
|9 20346
|
| 650 |
0 |
7 |
|a chiropraxia
|2 SNKPH
|9 21032
|
| 650 |
0 |
7 |
|a Nervous system
|2 SNKPHeng
|9 268144
|
| 650 |
0 |
7 |
|a Osteopathic medicine
|2 SNKPHeng
|9 176958
|
| 650 |
0 |
7 |
|a Chiropractic
|2 SNKPHeng
|9 354234
|
| 655 |
|
7 |
|a príručky
|2 SNKPH
|9 74364
|
| 655 |
|
7 |
|a Handbooks, manuals, etc.
|2 SNKPHeng
|9 90964
|
| 655 |
|
7 |
|a učebné texty
|2 SNKPH
|9 70568
|
| 655 |
|
7 |
|a Educational texts
|2 SNKPHeng
|9 277375
|
| 700 |
1 |
|
|a Schwingerová, Mária
|c (prekladateľka)
|4 trl
|9 179965
|
| 919 |
|
|
|a 978-80-87419-72-4
|
| 958 |
|
|
|a ZS
|
| 958 |
|
|
|a CZ
|
| 958 |
|
|
|a MI
|
| 958 |
|
|
|a NB
|
| 958 |
|
|
|a OP
|
| 958 |
|
|
|a DE
|
| 968 |
|
|
|d DT
|
| 999 |
|
|
|c 599172
|d 601102
|
| 952 |
|
|
|a SNK
|b SNK
|y VYP
|7 0
|p 17A1350778
|o snkSC 180596 D1
|i snk2019/25
|8 4
|g 16.45
|0 0
|1 0
|4 0
|d 2018-09-21
|l 0
|r 2026-02-23 15:49:40
|w 2026-02-23
|
| 952 |
|
|
|a SNK
|b SNK
|y PREZ
|7 0
|p 17A1334720
|o snkSC 180596
|i snk2018/16854
|8 3
|g 18.80
|0 0
|1 0
|4 0
|d 2018-08-10
|f 1
|l 0
|r 2026-02-23 15:49:40
|w 2026-02-23
|
| 952 |
|
|
|t snkDIE 612.8
|a SNKUST
|b SNKUST
|y PREZ
|7 0
|p 17A1352316
|o snkSC 180596 D2
|i snk2019/690
|8 3
|g 13.30
|0 0
|1 0
|4 0
|d 2019-01-10
|l 0
|r 2025-04-29 00:00:00
|w 2026-02-23
|